[Event "New Delhi Parsvnath op-C 17th"]
[Site "New Delhi"]
[Date "2019.01.13"]
[Round "2.2"]
[White "Soumasis, Pal"]
[Black "Sanjoy, Das"]
[Result "1/2-1/2"]
[WhiteElo "1300"]
[BlackElo "1497"]
[PlyCount "125"]
[EventDate "2019.01.13"]
[EventType "swiss"]
[EventRounds "10"]
[EventCountry "IND"]
[SourceTitle "EXT 2024"]
[Source "ChessBase"]
[SourceDate "2023.10.10"]
[SourceVersion "1"]
[SourceVersionDate "2023.10.10"]
[SourceQuality "1"]

1. d4 Nf6 2. Bf4 d5 3. e3 Bf5 4. Bd3 Ne4 5. Nd2 Nxd2 6. Qxd2 Bxd3 7. Qxd3 e6 8. Nf3 c6 9. 0-0 Bd6 10. Bxd6 Qxd6 11. Rfe1 f5 12. c4 0-0 13. cxd5 exd5 14. Ne5 Nd7 15. Nxd7 Qxd7 16. b4 f4 17. exf4 Rxf4 18. Re5 Qg4 19. Qe3 Raf8 20. Re1 Rxd4 21. Rg5 Qf4 22. Qxf4 Rdxf4 23. Re7 R8f7 24. Re8+ Rf8 25. Re7 R4f7 26. Re2 h6 27. Rg6 Rf6 28. Rg3 Rf4 29. a3 Rc4 30. h3 Rc1+ 31. Kh2 Rf1 32. Re7 Rf7 33. Re8+ Kh7 34. Ra8 a6 35. a4 R1xf2 36. b5 axb5 37. axb5 cxb5 38. Rb3 Rd7 39. Rxb5 d4 40. Ra7 Rff7 41. Ra2 d3 42. Rd2 Rf6 43. Rb3 Rfd6 44. Kg1 Kg6 45. Kf1 Kg5 46. Ke1 Re6+ 47. Kd1 Red6 48. Rdb2 Kf4 49. Rxb7 h5 50. R7b5 Rd5 51. Rb6 g5 52. Rh6 h4 53. Rf6+ Ke5 54. Rf3 Ke4 55. Kd2 Ra5 56. Re3+ Kf4 57. Rf3+ Ke5 58. Re3+ Kf5 59. Rf3+ Kg6 60. Rxd3 Rxd3+ 61. Kxd3 Ra3+ 62. Ke2 Kf5 63. Kf2 1/2-1/2